000
00298nam a2200109Ia 4500
008
181023s9999 xx 000 0 und d
020
_a
9780140177398
100
_a
Steinbeck, John
245
_c
John Steinbeck
_a
Of mice and men/
260
_a
NY:
_b
Penguin books
_c
1937
300
_a
107 pages :
_c
18 cm.
999
_c
359401
_d
359401